000 00399 a2200157 4500
001 11793
020 _a9781842363584
040 _cAnchieta - Aquarius
100 _aOliver, Clare
240 1 0 _a100 things you shold know about weather
_lpor
245 1 0 _a100 things you shold know about weather
300 _a48
362 0 _a2008
650 4 _aLiteratura infanto-juvenil em inglês
942 _cBK
999 _c11793
_d11793